LEADER 01036nam0 22002651i 450 001 UON00422053 005 20231205104829.350 100 $a20130409d1969 |0itac50 ba 101 $aeng 102 $aGB 105 $a|||| 1|||| 200 1 $aˆA ‰Study of british fascism$epolitical violence & public order$fRobert Benewick 210 $aLondon$cPenguin$d1969 215 $a340 p., [6] c. di tav.$d24 cm. 606 $aFASCISMO$xIdeologia$3UONC037839$2FI 620 $aGB$dLondon$3UONL003044 676 $a820.9358$cLetteratura inglese su temi storici e politici$v21 700 1$aBENEWICK$bRobert$3UONV215071$0127420 712 $aPenguin Books$3UONV246450$4650 801 $aIT$bSOL$c20240220$gRICA 899 $aSIBA - SISTEMA BIBLIOTECARIO DI ATENEO$2UONSI 912 $aUON00422053 950 $aSIBA - SISTEMA BIBLIOTECARIO DI ATENEO$dSI Angl VI C 0173 $eSI SI 7053 5 0173 $sBuono 996 $aStudy of british fascism$91334878 997 $aUNIOR